Statystyki dla Części Urzędowe Torunia

Kliknij tutaj aby rozwiązać quiz!

Ogólne statystyki

  • Ten quiz został rozwiązany 264 razy
  • Średni wynik to 12 z 24

Statystyki odpowiedzi

Część Urzędowa% Poprawnych
Rubinkowo
88%
Stare Miasto
85%
Wrzosy
77%
Bydgoskie Przedmieście
75%
Mokre
73%
Podgórz
68%
Bielany
66%
Bielawy
63%
Stawki
60%
Chełmińskie Przedmieście
58%
Rudak
57%
Na Skarpie
56%
Jakubskie Przedmieście
53%
Koniuchy
50%
Kaszczorek
46%
Czerniewice
41%
Barbarka
35%
Katarzynka
25%
Rybaki
25%
Piaski
24%
Winnica
24%
Glinki
22%
Grębocin nad Strugą
17%
Starotoruńskie Przedmieście
12%

Rozkład punktacji

Percentyl według liczby udzielonych odpowiedzi

Procent ludzi z każdym wynikiem

Twoja historia wyników

Nie rozwiązałeś tego quizu